000 00453nam a2200157Ia 4500
008 160316s1992 xxu||||| |||| 00| 0 eng d
082 _a338.900000
_bIND
100 _a
245 _aIndia : 1992 observer statistical handbook
250 _a
260 _aNew Delhi
_bObserver Research Foundation
_c1992
300 _a258p
_b
_cxii
365 _bRs. 50
650 _a1. Economic Development - India - 2000 -2001 - Statistical Handbook
700 _a
_a
999 _c32639
_d32639